[Event "Politiken Cup 2007"]
[Site "Helsingor"]
[Date "2007.07.22"]
[Round "3.28"]
[White "Wiwe, Andreas"]
[Black "Stripunsky, Alexander"]
[Result "1/2-1/2"]
[WhiteElo "2187"]
[BlackElo "2589"]
[PlyCount "81"]
[EventDate "2007.??.??"]

1. e4 c5 2. Nf3 e6 3. d4 cxd4 4. Nxd4 a6 5. Bd3 Ne7 6. O-O Nbc6 7. Nb3 g6 8.
Nc3 Bg7 9. Bg5 O-O 10. Qd2 d6 11. Rad1 Qc7 12. Bh6 Bxh6 13. Qxh6 b5 14. f4 f6
15. h4 Rf7 16. h5 Rg7 17. Rf3 Bb7 18. hxg6 hxg6 19. Qh4 Rf8 20. Qf2 Rh7 21. Bf1
Kg7 22. g3 b4 23. Ne2 e5 24. Rfd3 Nc8 25. Nc5 Qe7 26. Nxb7 Qxb7 27. Bg2 Rfh8
28. c3 a5 29. Nc1 a4 30. cxb4 Nxb4 31. R3d2 Qd7 32. a3 Nc6 33. b4 axb3 34. Nxb3
exf4 35. gxf4 Rh3 36. Bf3 Rxf3 37. Qxf3 Rh3 38. Nc5 Rxf3 39. Nxd7 Rxf4 40. Rc1
N6e7 41. Re2 1/2-1/2

[Event "Politiken Cup 2007"]
[Site "Helsingor"]
[Date "2007.07.22"]
[Round "3.29"]
[White "Nyback, Tomi"]
[Black "Helmers, Wim"]
[Result "1-0"]
[WhiteElo "2567"]
[BlackElo "2142"]
[PlyCount "35"]
[EventDate "2007.??.??"]

1. Nf3 d5 2. d4 Nf6 3. c4 c6 4. Nc3 dxc4 5. a4 Bf5 6. e3 e6 7. Bxc4 Bb4 8. O-O
O-O 9. Nh4 Nbd7 10. Nxf5 exf5 11. Qc2 Qa5 12. Na2 Bd6 13. Bd2 Qc7 14. Qxf5
Bxh2+ 15. Kh1 g6 16. Qf3 Rae8 17. g3 Ne4 18. Be1 1-0

[Event "Politiken Cup 2007"]
[Site "Helsingor"]
[Date "2007.07.22"]
[Round "3.31"]
[White "Tadjerbashi, Amir"]
[Black "Cmilyte, Viktorija"]
[Result "0-1"]
[WhiteElo "2182"]
[BlackElo "2467"]
[PlyCount "66"]
[EventDate "2007.??.??"]

1. e4 c5 2. Nf3 Nc6 3. d4 cxd4 4. Nxd4 Nf6 5. Nc3 e5 6. Ndb5 d6 7. Bg5 a6 8.
Na3 b5 9. Bxf6 gxf6 10. Nd5 f5 11. Bd3 Be6 12. O-O Bxd5 13. exd5 Ne7 14. c3 Bg7
15. Qh5 e4 16. Bc2 O-O 17. Rae1 Qc8 18. Kh1 Ng6 19. Bb1 Re8 20. Nc2 Nf4 21. Qg5
Nd3 22. Ne3 h6 23. Qxf5 Nxe1 24. Rxe1 Re5 25. Qf4 f5 26. g4 fxg4 27. Bxe4 h5
28. Nf5 Qf8 29. Qg5 Rae8 30. Nh6+ Kh8 31. Qg6 Rxe4 32. Rxe4 Qf3+ 33. Kg1 Rf8
0-1

[Event "Politiken Cup 2007"]
[Site "Helsingor"]
[Date "2007.07.22"]
[Round "3.32"]
[White "Skytte, Rasmus"]
[Black "Christensen, Janus"]
[Result "1-0"]
[WhiteElo "2416"]
[BlackElo "2137"]
[PlyCount "63"]
[EventDate "2007.??.??"]

1. e4 e5 2. Bc4 Nf6 3. Nc3 Bc5 4. d3 c6 5. Nf3 d6 6. O-O Bg4 7. Be3 Nbd7 8. a3
b5 9. Ba2 Qb6 10. Qe2 O-O 11. h3 Be6 12. Nh4 d5 13. Bg5 dxe4 14. dxe4 Rfe8 15.
Qf3 Bxa2 16. Rxa2 Re6 17. Rd1 Nf8 18. Nf5 Bd4 19. Rd3 a5 20. Nd1 c5 21. Bxf6
Rxf6 22. Qg4 Ne6 23. Ne7+ Kh8 24. Nd5 Qc6 25. Nxf6 gxf6 26. Rg3 c4 27. Ra1 Rd8
28. c3 Bc5 29. Ne3 Bxe3 30. fxe3 Qd6 31. Rf1 Qe7 32. Rf5 1-0

[Event "Politiken Cup 2007"]
[Site "Helsingor"]
[Date "2007.07.22"]
[Round "3.33"]
[White "Lund, Esben"]
[Black "Rasmussen, Uffe"]
[Result "1-0"]
[WhiteElo "2396"]
[BlackElo "2136"]
[PlyCount "61"]
[EventDate "2007.??.??"]

1. d4 e6 2. c4 f5 3. g3 Nf6 4. Bg2 Be7 5. Nf3 O-O 6. O-O d6 7. Nc3 Ne4 8. Nxe4
fxe4 9. Ne1 d5 10. f3 dxc4 11. Be3 Nc6 12. fxe4 Rxf1+ 13. Bxf1 e5 14. d5 Na5
15. Nf3 Bd6 16. Bd2 c6 17. Bc3 Qb6+ 18. Kh1 Bg4 19. Qd2 Bxf3+ 20. exf3 Bc7 21.
d6 Bd8 22. Bxe5 Bf6 23. Bxf6 gxf6 24. e5 fxe5 25. Qg5+ Kf7 26. Qe7+ Kg6 27.
Qe6+ Kg7 28. Qxe5+ Kf7 29. Qe7+ Kg6 30. Re1 Qf2 31. Re6+ 1-0

[Event "Politiken Cup 2007"]
[Site "Helsingor"]
[Date "2007.07.22"]
[Round "3.34"]
[White "Brondum, Eric"]
[Black "Jepson, Christian"]
[Result "1/2-1/2"]
[WhiteElo "2169"]
[BlackElo "2374"]
[PlyCount "79"]
[EventDate "2007.??.??"]

1. d4 Nf6 2. Bg5 e6 3. e4 h6 4. Bxf6 Qxf6 5. Nc3 d6 6. Qd2 a6 7. f4 g5 8. g3
gxf4 9. gxf4 Qh4+ 10. Qf2 Qxf2+ 11. Kxf2 b5 12. Bg2 Bb7 13. Nge2 Nd7 14. Rhg1
O-O-O 15. Bf3 c5 16. Rad1 b4 17. Nb1 cxd4 18. Nxd4 Nf6 19. Nd2 h5 20. c3 Bh6
21. Ne2 bxc3 22. Rc1 Kb8 23. Rxc3 Rc8 24. Rgc1 Rxc3 25. Rxc3 Rc8 26. Rxc8+ Bxc8
27. Nc4 d5 28. exd5 exd5 29. Nd6 Be6 30. f5 Bd7 31. Nxf7 Bf8 32. Nf4 Bxf5 33.
Nxd5 Nxd5 34. Bxd5 Bg7 35. Nd6 Bd4+ 36. Ke2 Bg4+ 37. Bf3 Be5 38. Bxg4 Bxd6 39.
Bxh5 Bxh2 40. Kd3 1/2-1/2

[Event "Politiken Cup 2007"]
[Site "Helsingor"]
[Date "2007.07.22"]
[Round "3.36"]
[White "Christensen, Stefan"]
[Black "Thomassen, Joachim"]
[Result "1/2-1/2"]
[WhiteElo "2301"]
[BlackElo "2075"]
[PlyCount "71"]
[EventDate "2007.??.??"]

1. e4 c5 2. c3 d5 3. exd5 Qxd5 4. d4 Nf6 5. Nf3 Bg4 6. dxc5 Qxc5 7. Na3 a6 8.
Be3 Qc7 9. Qa4+ Nbd7 10. O-O-O Rc8 11. Bg5 Qc6 12. Qxc6 Rxc6 13. Nc4 Ne4 14.
Be3 f6 15. Nd4 Bxd1 16. Nxc6 Bh5 17. N6a5 b5 18. Nb6 Nxb6 19. Bxb6 e5 20. a4
bxa4 21. Bxa6 Bc5 22. Bxc5 Nxc5 23. Bb5+ Kd8 24. f3 Kc7 25. Nc4 Rb8 26. Na3 Rd8
27. Bc4 g5 28. Rd1 Rxd1+ 29. Kxd1 Kc6 30. Ke2 f5 31. Ke3 Bg6 32. Ke2 f4 33.
Bb5+ Kb6 34. Bc4 Kc6 35. Bb5+ Kb6 36. Bc4 1/2-1/2

[Event "Politiken Cup 2007"]
[Site "Helsingor"]
[Date "2007.07.22"]
[Round "3.38"]
[White "Nielsen, Palle"]
[Black "Jacobsen, Per"]
[Result "1-0"]
[WhiteElo "1877"]
[BlackElo "1730"]
[PlyCount "53"]
[EventDate "2007.??.??"]

1. e4 d6 2. d4 Nf6 3. Nc3 g6 4. f4 Bg7 5. Nf3 O-O 6. h3 c6 7. Bd3 Nbd7 8. Be3
Qc7 9. e5 dxe5 10. fxe5 Nd5 11. Nxd5 cxd5 12. g4 Nb6 13. b3 f6 14. Bf4 Qc3+ 15.
Ke2 fxe5 16. Bxe5 Bxe5 17. dxe5 e6 18. Qd2 Qc7 19. h4 Qf7 20. Raf1 Qf4 21. Qxf4
Rxf4 22. g5 Bd7 23. h5 a6 24. hxg6 hxg6 25. Rh6 Raf8 26. Rxg6+ Kh8 27. Rh1+ 1-0

[Event "Politiken Cup 2007"]
[Site "Helsingor"]
[Date "2007.07.22"]
[Round "3.39"]
[White "Nielsen, Carsten Juul"]
[Black "Hagen, Andreas Skytte"]
[Result "0-1"]
[WhiteElo "2115"]
[BlackElo "2256"]
[PlyCount "60"]
[EventDate "2007.??.??"]

1. d4 e6 2. Nf3 Nf6 3. Bf4 c5 4. e3 Be7 5. c3 b6 6. Be2 Bb7 7. O-O O-O 8. Qb3
cxd4 9. exd4 d6 10. a4 Nbd7 11. Rd1 Nh5 12. Be3 Qc7 13. Na3 a6 14. Ne1 Nhf6 15.
Bf3 Bxf3 16. Nxf3 d5 17. Rac1 Qb7 18. Ne5 Nxe5 19. dxe5 Nd7 20. Bd4 Nc5 21. Qc2
b5 22. a5 Rfc8 23. b4 Ne4 24. Qd3 f6 25. f3 fxe5 26. fxe4 exd4 27. Qxd4 dxe4
28. Nb1 Bf6 29. Qe3 Qa7 30. Qb6 Bg5 0-1

[Event "Politiken Cup 2007"]
[Site "Helsingor"]
[Date "2007.07.22"]
[Round "3.40"]
[White "Skovgaard, Peter"]
[Black "Thomassen, Thomas"]
[Result "1-0"]
[WhiteElo "2256"]
[BlackElo "2047"]
[PlyCount "111"]
[EventDate "2007.??.??"]

1. e4 c6 2. Nf3 d5 3. exd5 cxd5 4. Ne5 Nf6 5. d4 g6 6. c3 Bg7 7. Nd2 O-O 8. f4
Nc6 9. Bd3 Qb6 10. Qe2 Bf5 11. Bxf5 gxf5 12. O-O e6 13. Kh1 Qc7 14. Rf3 Ne7 15.
Rh3 Ng6 16. Nxg6 hxg6 17. Nf3 Rfe8 18. Be3 Ng4 19. Ne5 Nxe3 20. Qxe3 Bf6 21.
Rg1 Kg7 22. g4 Rh8 23. gxf5 exf5 24. Rhg3 Rh6 25. Qf3 Rah8 26. R3g2 Qd6 27. c4
Rh3 28. Qxd5 Qxd5 29. cxd5 Rd8 30. Rg3 Rxg3 31. hxg3 Rxd5 32. Nf3 Bd8 33. Rc1
Bb6 34. Rc4 f6 35. Kg2 Kh6 36. Kf2 g5 37. Ke3 Kh5 38. Nh2 Kg6 39. Nf1 Kh5 40.
Nh2 Kg6 41. a4 a5 42. Nf1 Kh5 43. Kd3 Kg6 44. Ne3 Rd7 45. b4 axb4 46. Rxb4 Ba5
47. Rb5 Be1 48. Nxf5 g4 49. Ke4 Bf2 50. Rb1 Rc7 51. a5 Rc3 52. Rxb7 Bxg3 53.
Ne7+ Kh5 54. Nd5 Ra3 55. Kf5 Kh6 56. Nxf6 1-0

[Event "Politiken Cup 2007"]
[Site "Helsingor"]
[Date "2007.07.22"]
[Round "3.41"]
[White "Andreasen, Per"]
[Black "Schmied, Andreas"]
[Result "1-0"]
[WhiteElo "2228"]
[BlackElo "2054"]
[PlyCount "79"]
[EventDate "2007.??.??"]

1. Nf3 Nf6 2. c4 g6 3. g3 Bg7 4. Bg2 O-O 5. O-O d6 6. d4 Nbd7 7. Nc3 a6 8. h3
e5 9. e4 Re8 10. Re1 Rb8 11. a4 exd4 12. Nxd4 Ne5 13. b3 a5 14. Ra2 Bd7 15. Be3
h6 16. Rd2 Qc8 17. Kh2 Nc6 18. f4 Re7 19. Ndb5 Nb4 20. e5 Ne8 21. exd6 cxd6 22.
Bb6 Rxe1 23. Qxe1 Nc6 24. Nd5 Be6 25. Re2 Kh7 26. Ndc7 Nxc7 27. Bxc7 Nd4 28.
Nxd4 Qxc7 29. Nxe6 fxe6 30. Rxe6 Rf8 31. Re7 Qb6 32. Rxb7 Qd4 33. Qe7 Rg8 34.
h4 Kh8 35. Qe4 Qf6 36. Re7 g5 37. Re6 Qf7 38. fxg5 hxg5 39. hxg5 Be5 40. Qh4+
1-0

[Event "Politiken Cup 2007"]
[Site "Helsingor"]
[Date "2007.07.22"]
[Round "3.42"]
[White "Orndahl, Markus"]
[Black "Ringoir, Tanguy"]
[Result "0-1"]
[WhiteElo "2078"]
[BlackElo "2208"]
[PlyCount "88"]
[EventDate "2007.??.??"]

1. e4 c5 2. Nf3 d6 3. d4 cxd4 4. Nxd4 Nf6 5. Nc3 a6 6. Bc4 e6 7. Bb3 Nbd7 8. f4
Nc5 9. f5 Be7 10. Qf3 O-O 11. Be3 Qc7 12. O-O-O b5 13. Rhf1 b4 14. Na4 e5 15.
Ne2 Ncxe4 16. g4 Bb7 17. Qh3 Nd7 18. Ng3 Rac8 19. Nxe4 Bxe4 20. Rf2 d5 21. Kb1
Nc5 22. Nxc5 Bxc5 23. Bxc5 Qxc5 24. Qg3 Rfd8 25. Re2 Qe7 26. Rf1 a5 27. g5 Qd7
28. g6 hxg6 29. fxg6 Bxg6 30. Rxe5 a4 31. Bxd5 Bxc2+ 32. Ka1 Qxd5 33. Rxd5 Rxd5
34. Rg1 Bg6 35. Qe1 Rdc5 36. h4 b3 37. a3 Rc2 38. Qe3 R8c5 39. Qf4 Rxb2 40.
Qb8+ Kh7 41. Rxg6 Ra2+ 42. Kb1 fxg6 43. Qe8 Rf5 44. Qe1 Rff2 0-1

[Event "Politiken Cup 2007"]
[Site "Helsingor"]
[Date "2007.07.22"]
[Round "3.43"]
[White "Vigfusson, Vigfus"]
[Black "Blomstrom, Lars"]
[Result "1/2-1/2"]
[WhiteElo "2059"]
[BlackElo "2197"]
[PlyCount "36"]
[EventDate "2007.??.??"]

1. e4 e5 2. Nf3 Nc6 3. d4 exd4 4. Nxd4 Bc5 5. Nb3 Bb6 6. a4 a6 7. a5 Ba7 8. Nc3
d6 9. Qe2 Be6 10. Nd5 Qd7 11. Be3 Bxe3 12. Qxe3 Nge7 13. Nxe7 Qxe7 14. Nd4 Nxd4
15. Qxd4 O-O 16. Be2 Rac8 17. O-O f5 18. exf5 Bxf5 1/2-1/2

[Event "Politiken Cup 2007"]
[Site "Helsingor"]
[Date "2007.07.22"]
[Round "3.44"]
[White "Guttulsrud, Odd Martin"]
[Black "Petersen, Peter Birk"]
[Result "1/2-1/2"]
[WhiteElo "1426"]
[BlackElo "2187"]
[PlyCount "95"]
[EventDate "2007.??.??"]

1. e4 c5 2. Nf3 e6 3. c3 Nf6 4. e5 Nd5 5. d4 cxd4 6. cxd4 d6 7. exd6 Bxd6 8.
Nc3 Nf6 9. Bd3 O-O 10. O-O Nc6 11. Bg5 h6 12. Bh4 Be7 13. a3 b6 14. Bc2 Ba6 15.
Re1 Rc8 16. Rc1 Nd5 17. Bg3 Nxc3 18. bxc3 Na5 19. Bb1 Bxa3 20. Qc2 f5 21. Rcd1
Bc4 22. Ba2 Bd5 23. Rxe6 Nc4 24. Re2 b5 25. Bf4 Bxf3 26. gxf3 Rc6 27. Kh1 Kh8
28. Bxc4 bxc4 29. Rg1 Qd5 30. Rg3 Bd6 31. Be5 Rc7 32. Kg2 Re7 33. Bxd6 Qxd6 34.
Rxe7 Qxe7 35. Qa4 Qf7 36. Qc6 a5 37. f4 Rd8 38. Re3 Kh7 39. Re5 Re8 40. Rc5 Qh5
41. h3 Re1 42. Rxa5 Qd1 43. Kg3 Qd3+ 44. Kg2 Qxc3 45. Qd5 Qd3 46. Qxf5+ Qxf5
47. Rxf5 Rd1 48. Rd5 1/2-1/2

[Event "Politiken Cup 2007"]
[Site "Helsingor"]
[Date "2007.07.22"]
[Round "3.45"]
[White "Mikkelsen, Nikolaj"]
[Black "Brorsen, Jacob Abildlund"]
[Result "0-1"]
[WhiteElo "2303"]
[BlackElo "1818"]
[PlyCount "74"]
[EventDate "2007.??.??"]

1. e4 c5 2. Nf3 d6 3. d4 cxd4 4. Nxd4 Nf6 5. Nc3 a6 6. Bg5 e6 7. f4 Qc7 8. Bd3
Bd7 9. Qe2 Nc6 10. Nf3 b5 11. a4 b4 12. Nd1 Qb6 13. Bh4 Be7 14. Bf2 Qb7 15. Nd2
Bd8 16. g4 h5 17. g5 Ng4 18. Nc4 Qb8 19. Bg1 d5 20. exd5 Qxf4 21. Bc5 Nce5 22.
Rf1 Nxd3+ 23. cxd3 Qc7 24. Nd6+ Kf8 25. Rc1 Kg8 26. Nxf7 Rh7 27. h3 Qg3+ 28.
Nf2 Nh2 29. Bd6 Nf3+ 30. Kd1 Bxa4+ 31. Rc2 Qg2 32. b3 Bxb3 33. Bc5 Rc8 34. Nd6
Bxc2+ 35. Kc1 Qxg5+ 36. Kb2 Qf6+ 37. d4 Rxc5 0-1

[Event "Politiken Cup 2007"]
[Site "Helsingor"]
[Date "2007.07.22"]
[Round "3.46"]
[White "Holm, Sejer"]
[Black "Svendsen, Peter"]
[Result "1-0"]
[WhiteElo "2262"]
[BlackElo "2015"]
[PlyCount "57"]
[EventDate "2007.??.??"]

1. d4 g6 2. c4 Bg7 3. Nc3 d6 4. e4 Nc6 5. Be3 e5 6. Nge2 Nf6 7. d5 Ne7 8. h3
O-O 9. g4 c6 10. Ng3 Ne8 11. Bd3 Kh8 12. Qd2 f5 13. gxf5 gxf5 14. exf5 Nxf5 15.
Nxf5 Bxf5 16. Bxf5 Rxf5 17. Qd3 Rh5 18. O-O-O Rc8 19. Kb1 Nf6 20. Rdg1 Qa5 21.
Bg5 cxd5 22. Qf3 Rxg5 23. Rxg5 Rf8 24. Rhg1 Bh6 25. Rf5 Bf4 26. Nxd5 Nd7 27.
Qg4 Bh6 28. Rxf8+ Nxf8 29. Qg8# 1-0

[Event "Politiken Cup 2007"]
[Site "Helsingor"]
[Date "2007.07.22"]
[Round "3.48"]
[White "Nurmi, Timo"]
[Black "Hvenekilde, Jorgen"]
[Result "1/2-1/2"]
[WhiteElo "2008"]
[BlackElo "2239"]
[PlyCount "30"]
[EventDate "2007.??.??"]

1. d4 Nf6 2. Nf3 g6 3. Bg5 Bg7 4. Nbd2 c5 5. Bxf6 Bxf6 6. Ne4 Qb6 7. Nxf6+ Qxf6
8. c3 b6 9. g3 Bb7 10. Bg2 O-O 11. O-O d6 12. Qd2 Rd8 13. Rfd1 Nd7 14. Qh6 Rab8
15. Rd2 Qg7 1/2-1/2

[Event "Politiken Cup 2007"]
[Site "Helsingor"]
[Date "2007.07.22"]
[Round "3.49"]
[White "Molvig, Henrik"]
[Black "Henrichsen, Jens"]
[Result "1-0"]
[WhiteElo "2215"]
[BlackElo "2010"]
[PlyCount "61"]
[EventDate "2007.??.??"]

1. d4 Nf6 2. c4 e6 3. Nf3 b6 4. g3 Ba6 5. b3 Bb4+ 6. Bd2 Be7 7. Bg2 c6 8. Bc3
d5 9. Nbd2 Nbd7 10. O-O O-O 11. Re1 Rc8 12. e4 Nxe4 13. Nxe4 dxe4 14. Rxe4 Bf6
15. Qe1 c5 16. Rd1 Bb7 17. Re3 cxd4 18. Nxd4 Bxg2 19. Kxg2 Qc7 20. Nb5 Qb7+ 21.
f3 Bxc3 22. Rxc3 Rc6 23. Rcd3 Nf6 24. Nd6 Qa8 25. Ne4 Nxe4 26. Qxe4 Qc8 27. Qh4
f6 28. Qg4 g6 29. Rd7 a6 30. Qh4 h5 31. Qe4 1-0

[Event "Politiken Cup 2007"]
[Site "Helsingor"]
[Date "2007.07.22"]
[Round "3.50"]
[White "Kokholm, Daniel"]
[Black "Flindt, Thomas"]
[Result "1/2-1/2"]
[WhiteElo "2000"]
[BlackElo "2196"]
[PlyCount "46"]
[EventDate "2007.??.??"]

1. d4 Nc6 2. Nf3 d5 3. Bf4 Bg4 4. e3 e6 5. c3 Bd6 6. Bg3 Nge7 7. Qc2 Nf5 8. Bd3
h5 9. Bxd6 Nxd6 10. Ne5 Bf5 11. Nd2 Qg5 12. f4 Bxd3 13. Qxd3 Qf5 14. Qxf5 Nxf5
15. Nxc6 bxc6 16. Kf2 Nd6 17. Kf3 f5 18. b3 Ke7 19. h4 Rab8 20. b4 Rh6 21. Rh3
Rg6 22. Rg3 Rg4 23. Rxg4 hxg4+ 1/2-1/2

[Event "Politiken Cup 2007"]
[Site "Helsingor"]
[Date "2007.07.22"]
[Round "3.51"]
[White "Green, Per"]
[Black "Thorhallsson, Gylfi"]
[Result "0-1"]
[WhiteElo "1997"]
[BlackElo "2195"]
[PlyCount "70"]
[EventDate "2007.??.??"]

1. Nf3 c5 2. c4 Nc6 3. d4 cxd4 4. Nxd4 a6 5. Nc3 Nf6 6. g3 Qb6 7. Nb3 e6 8. a3
Ne5 9. Bg2 Nxc4 10. O-O Be7 11. e4 d6 12. Na4 Qc7 13. Qe2 Bd7 14. Nc3 O-O 15.
Bf4 Rac8 16. Nd1 Ba4 17. Nc1 Ne5 18. Nc3 Bc6 19. Nd3 Nxd3 20. Qxd3 b5 21. Rfd1
Rfd8 22. Qe2 Qb7 23. Rd2 a5 24. Rad1 b4 25. axb4 axb4 26. Nb1 Bxe4 27. Bxe4
Qxe4 28. Qb5 Nd5 29. Re2 Qg6 30. Rxd5 Qxb1+ 31. Kg2 exd5 32. Rxe7 Qxb2 33. Bxd6
Qf6 34. Bxb4 d4 35. Bc5 Qf5 0-1

[Event "Politiken Cup 2007"]
[Site "Helsingor"]
[Date "2007.07.22"]
[Round "3.52"]
[White "Zelbel, Patrick"]
[Black "Andersen, Daniel"]
[Result "1-0"]
[WhiteElo "2193"]
[BlackElo "1997"]
[PlyCount "51"]
[EventDate "2007.??.??"]

1. e4 e6 2. d4 d5 3. Nd2 Nf6 4. e5 Nfd7 5. Bd3 c5 6. c3 Nc6 7. Ne2 cxd4 8. cxd4
f6 9. exf6 Nxf6 10. Nf3 Bd6 11. O-O Qc7 12. Bg5 O-O 13. Rc1 h6 14. Bd2 Nh5 15.
Ng3 Nf4 16. Bb1 g5 17. Re1 Qg7 18. Bxf4 gxf4 19. Nh5 Qf7 20. Ne5 Bxe5 21. dxe5
Kh8 22. Rc3 Rg8 23. Qf3 Rg5 24. Nxf4 Rxe5 25. Ng6+ Qxg6 26. Qf8+ 1-0

[Event "Politiken Cup 2007"]
[Site "Helsingor"]
[Date "2007.07.22"]
[Round "3.53"]
[White "Knudsen, Jes West"]
[Black "Pedersen, Henrik B"]
[Result "1/2-1/2"]
[WhiteElo "1990"]
[BlackElo "2189"]
[PlyCount "42"]
[EventDate "2007.??.??"]

1. e4 e6 2. Nf3 c5 3. b4 cxb4 4. a3 bxa3 5. Bxa3 Bxa3 6. Nxa3 d6 7. d4 Nf6 8.
Bd3 Nc6 9. O-O e5 10. d5 Ne7 11. Nb5 a6 12. Qd2 Bg4 13. Qa5 Qxa5 14. Nxd6+ Kd7
15. Nxe5+ Kxd6 16. Nxf7+ Kc5 17. Rxa5+ Kb6 18. Ra3 Rhf8 19. Rb1+ Ka7 20. Nd6
Rab8 21. c4 Nd7 1/2-1/2

[Event "Politiken Cup 2007"]
[Site "Helsingor"]
[Date "2007.07.22"]
[Round "3.54"]
[White "Duchene, Rene"]
[Black "Koskinen, Veikko"]
[Result "1-0"]
[WhiteElo "2188"]
[BlackElo "1977"]
[PlyCount "71"]
[EventDate "2007.??.??"]

1. Nf3 f5 2. c4 Nf6 3. g3 g6 4. Bg2 Bg7 5. O-O O-O 6. Nc3 d6 7. d4 Qe8 8. d5 a5
9. Nd4 Na6 10. Rb1 Bd7 11. b3 Nc5 12. Bb2 Qc8 13. e3 e5 14. dxe6 Nxe6 15. Nxe6
Bxe6 16. Qd2 Rb8 17. Rbc1 b6 18. Nd5 Qd8 19. Rfd1 Ne4 20. Qc2 Bxb2 21. Qxb2
Bxd5 22. Rxd5 Qf6 23. Qxf6 Nxf6 24. Rd4 Rfe8 25. Bc6 Re7 26. h3 Kg7 27. a3 Nd7
28. b4 axb4 29. axb4 Ne5 30. Bg2 Nd7 31. Ra1 Nf6 32. Ra7 Re4 33. Bxe4 fxe4 34.
Rxd6 Kf7 35. Rc6 Rc8 36. Rxb6 1-0

[Event "Politiken Cup 2007"]
[Site "Helsingor"]
[Date "2007.07.22"]
[Round "3.55"]
[White "Mamak, Wojciech"]
[Black "Laursen, Niels Norskov"]
[Result "0-1"]
[WhiteElo "1985"]
[BlackElo "2186"]
[PlyCount "106"]
[EventDate "2007.??.??"]

1. d4 Nf6 2. c4 c5 3. d5 e6 4. Nc3 exd5 5. cxd5 d6 6. g3 g6 7. Bg2 Bg7 8. Nf3
O-O 9. O-O a6 10. a4 Nbd7 11. e4 Re8 12. Re1 Qc7 13. Bf4 Ng4 14. Nd2 Nge5 15.
Bf1 h5 16. Qe2 Rb8 17. Kg2 Bf6 18. Rec1 Qd8 19. Ra3 Qe7 20. Re1 Kg7 21. f3 h4
22. Be3 Nf8 23. a5 hxg3 24. hxg3 b5 25. axb6 Rxb6 26. f4 Ng4 27. Nc4 Nxe3+ 28.
Qxe3 Bd4 29. Qd2 Rb4 30. Bd3 Nh7 31. Rh1 Rh8 32. Raa1 Nf8 33. Rxh8 Kxh8 34.
Rh1+ Kg8 35. Re1 Qd7 36. Rh1 Qc7 37. Qe2 Nd7 38. Kf1 Bg7 39. Nd1 a5 40. Nde3 a4
41. Qh2 Ba6 42. e5 Bxc4 43. Nxc4 dxe5 44. Qh7+ Kf8 45. Qh4 Rb8 46. f5 gxf5 47.
Bxf5 Nf6 48. Qg5 Qb7 49. Qd2 Qxd5 50. Qxd5 Nxd5 51. Bd7 Rb4 52. Na5 Rxb2 53.
Bxa4 Ne3+ 0-1

[Event "Politiken Cup 2007"]
[Site "Helsingor"]
[Date "2007.07.22"]
[Round "3.56"]
[White "Zhao, Parker"]
[Black "Danielsson, Robert"]
[Result "1-0"]
[WhiteElo "2180"]
[BlackElo "1973"]
[PlyCount "83"]
[EventDate "2007.??.??"]

1. e4 c5 2. Nf3 Nc6 3. d3 g6 4. g3 Bg7 5. Bg2 d6 6. O-O Nf6 7. Re1 e5 8. c3 O-O
9. a3 a5 10. a4 h6 11. Na3 Be6 12. Qe2 Qc7 13. Be3 Ng4 14. Nd2 Nxe3 15. Qxe3 f5
16. f4 exf4 17. gxf4 Rae8 18. Ndc4 Qd8 19. Rad1 d5 20. exd5 Bxd5 21. Bxd5+ Qxd5
22. Qxe8 Rxe8 23. Rxe8+ Kh7 24. Re3 g5 25. Rf1 Kg6 26. Rg3 g4 27. Nb5 h5 28.
Re3 h4 29. Nc7 Qd7 30. Nb5 h3 31. Nbd6 Bh6 32. Re5 Qd8 33. Re6+ Kg7 34. Nxf5+
Kf7 35. Rd6 Qe8 36. Nxh6+ Kg7 37. Nf5+ Kg8 38. Nce3 g3 39. hxg3 Qh5 40. Nh6+
Kg7 41. Nhg4 Qf7 42. Rd5 1-0

[Event "Politiken Cup 2007"]
[Site "Helsingor"]
[Date "2007.07.22"]
[Round "3.57"]
[White "Svanholm, Børge Waaktaar"]
[Black "Nielsen, Jan Mose"]
[Result "1/2-1/2"]
[WhiteElo "1977"]
[BlackElo "2175"]
[PlyCount "28"]
[EventDate "2007.??.??"]

1. c4 e5 2. g3 f5 3. Bg2 c6 4. d4 e4 5. d5 d6 6. Nc3 Nf6 7. f3 exf3 8. Nxf3 Bd7
9. Bg5 Be7 10. Qc2 O-O 11. Bxf6 Rxf6 12. O-O Na6 13. Rad1 c5 14. Rde1 Qa5
1/2-1/2

[Event "Politiken Cup 2007"]
[Site "Helsingor"]
[Date "2007.07.22"]
[Round "3.58"]
[White "Salama, Omar"]
[Black "Tuomisto, Keijo"]
[Result "1-0"]
[WhiteElo "2173"]
[BlackElo "1965"]
[PlyCount "75"]
[EventDate "2007.??.??"]

1. d4 Nf6 2. c4 g6 3. Nc3 Bg7 4. e4 d6 5. Be2 Nbd7 6. Nf3 O-O 7. O-O e5 8. d5
Nh5 9. g3 Nhf6 10. Ne1 Nc5 11. f3 a5 12. Nd3 b6 13. Be3 Ne8 14. a3 f5 15. b4
Nxd3 16. Qxd3 h5 17. c5 bxc5 18. bxc5 h4 19. Bf2 fxe4 20. Nxe4 hxg3 21. hxg3
Ba6 22. Qd2 Bxe2 23. Qxe2 Bh6 24. Kg2 Rb8 25. Rh1 Kg7 26. Rxh6 Kxh6 27. Rh1+
Kg7 28. Qd2 g5 29. Nxg5 Qf6 30. Ne6+ Kg8 31. Nxf8 Kxf8 32. Rh6 Qg7 33. Be3 Nf6
34. Bg5 Ng8 35. cxd6 cxd6 36. Rxd6 Ke8 37. Re6+ Kd7 38. Qc2 1-0

[Event "Politiken Cup 2007"]
[Site "Helsingor"]
[Date "2007.07.22"]
[Round "3.59"]
[White "Frank-Nielsen, Marie"]
[Black "Smeele, Frank"]
[Result "0-1"]
[WhiteElo "1967"]
[BlackElo "2173"]
[PlyCount "70"]
[EventDate "2007.??.??"]

1. e4 g6 2. d4 Bg7 3. Nf3 d6 4. Be2 Nf6 5. Nbd2 O-O 6. O-O Nbd7 7. Re1 e5 8. c3
Qe7 9. Qc2 c6 10. b3 Rd8 11. Ba3 c5 12. Rad1 b6 13. Nc4 exd4 14. cxd4 Qxe4 15.
Bd3 Qc6 16. Nxd6 Qxd6 17. dxc5 Qc7 18. Bc4 Bb7 19. Bxf7+ Kh8 20. Nh4 Ne5 21.
Bc4 Be4 22. Rxd8+ Rxd8 23. cxb6 axb6 24. Qe2 Nxc4 25. Qxc4 Qxc4 26. bxc4 Rc8
27. c5 bxc5 28. Bb2 c4 29. Bc3 g5 30. Nf3 Bxf3 31. gxf3 Nd5 32. Bxg7+ Kxg7 33.
Rc1 c3 34. a4 c2 35. a5 Nb4 0-1

[Event "Politiken Cup 2007"]
[Site "Helsingor"]
[Date "2007.07.22"]
[Round "3.61"]
[White "Vas, Peter"]
[Black "Petersen, Lars"]
[Result "1-0"]
[WhiteElo "2166"]
[BlackElo "1958"]
[PlyCount "83"]
[EventDate "2007.??.??"]

1. e4 c5 2. Nf3 Nc6 3. d4 cxd4 4. Nxd4 g6 5. Nc3 Bg7 6. Be3 Nf6 7. Be2 O-O 8.
Nb3 d6 9. O-O b6 10. f4 a5 11. Bf3 Bb7 12. a4 Nb4 13. Rf2 Nd7 14. Rd2 Qc8 15.
Bd4 Bxd4+ 16. Rxd4 Nc5 17. g3 Nxb3 18. cxb3 Qc5 19. Kg2 Nc2 20. Qxc2 Qxd4 21.
Rd1 Qc5 22. h4 Rac8 23. h5 e5 24. Qd2 exf4 25. Qxf4 Rcd8 26. Nb5 Qe5 27. Nxd6
Qxf4 28. gxf4 Ba8 29. e5 Bxf3+ 30. Kxf3 Kg7 31. Ke4 Rd7 32. Ne8+ Rxe8 33. Rxd7
gxh5 34. f5 h4 35. e6 Rf8 36. e7 Re8 37. Ke5 h3 38. f6+ Kg6 39. Rd3 Rc8 40.
Rg3+ Kh5 41. Rxh3+ Kg6 42. Rg3+ 1-0

[Event "Politiken Cup 2007"]
[Site "Helsingor"]
[Date "2007.07.22"]
[Round "3.62"]
[White "Rasmussen, Morten"]
[Black "Petersen, Steen"]
[Result "0-1"]
[WhiteElo "1958"]
[BlackElo "2165"]
[PlyCount "22"]
[EventDate "2007.??.??"]

1. d4 d5 2. c4 Bf5 3. cxd5 Bxb1 4. Qa4+ c6 5. dxc6 Nxc6 6. Rxb1 e5 7. e4 Bb4+
8. Bd2 Qxd4 9. Bxb4 Qxe4+ 10. Kd2 Qxb1 11. Bc3 Qxf1 0-1

[Event "Politiken Cup 2007"]
[Site "Helsingor"]
[Date "2007.07.22"]
[Round "3.63"]
[White "Andersen, Ib Hother"]
[Black "Thorvaldsson, Arni"]
[Result "0-1"]
[WhiteElo "2162"]
[BlackElo "1947"]
[PlyCount "72"]
[EventDate "2007.??.??"]

1. e4 e6 2. d4 d5 3. Nc3 Nf6 4. e5 Nfd7 5. f4 c5 6. Nf3 Nc6 7. Be3 cxd4 8. Nxd4
Bc5 9. Qd2 O-O 10. O-O-O a6 11. Qf2 Bxd4 12. Bxd4 b5 13. Bd3 Nxd4 14. Qxd4 Qc7
15. Rhe1 Nc5 16. Re3 Rb8 17. Kb1 b4 18. Ne2 a5 19. Rh3 g6 20. Rf3 Ba6 21. Bxa6
Nxa6 22. Qd2 Nc5 23. Nd4 Rfc8 24. Ka1 a4 25. g4 a3 26. b3 Ne4 27. Qe1 Qe7 28.
g5 Rc3 29. Rdd3 Rbc8 30. Rxc3 Rxc3 31. Rxc3 Nxc3 32. Qd2 Qc5 33. Qd3 Nb5 34.
Ne2 Qf2 35. Qd1 Qxh2 36. Kb1 Qxe2 0-1